=LDR 00000nam 2200000 4500 =001 INLIS000000000048946 =005 20200309083722 =035 ##$$a 0010-011700000000227 =008 200309################g##########0#ind## =020 ##$$a 978-602-7985-87-2 =082 ##$$a 297.715 =090 ##$$a 297.715 Nur p =100 #$$a Nurussakinah Daulay =245 1#$$a Pengantar psikologi dan pandanngan Al quran tentang psikologi /$c Nurussakinah Daulay, M.Psi. ; editor Nevi Darmayanti =260 ##$$a Jakarta :$b Prenada Media,$c 2014 =300 ##$$a xii, 173 hlm. : $b ilus ; $c 15 x 23 cm. =500 ##$$a Bibliografi : hlm. 167 - 172 Biografi : hlm. 173 =650 #4$$a Psikologi Islam =700 #$$a Nevi Darmayanti =850 ##$$a NBPDMAT =084 ##$$a 297.715 NUR p =250 ##$$a cet.1 =990 ##$$a 21601135 =990 ##$$a 21601136 =990 ##$$a 21601137 =990 ##$$a 21601138 =990 ##$$a 21601139 =990 ##$$a 21601138 =990 ##$$a 21601135 =990 ##$$a 21601136 =990 ##$$a 21601137 =990 ##$$a 21601139 =990 ##$$a 21601139 =990 ##$$a 21601135 =990 ##$$a 21601136 =990 ##$$a 21601137 =990 ##$$a 21601138 =990 ##$$a 21601135 =990 ##$$a 21601136 =990 ##$$a 21601137 =990 ##$$a 21601138 =990 ##$$a 21601139 =990 ##$$a 21601136 =990 ##$$a 21601135 =990 ##$$a 21601137 =990 ##$$a 21601138 =990 ##$$a 21601139 =990 ##$$a 21601137 =990 ##$$a 21601135 =990 ##$$a 21601136 =990 ##$$a 21601138 =990 ##$$a 21601139